|
|
|
|
| LEADER |
00000nam a2200000 4500 |
| 001 |
vtls008227203 |
| 003 |
SK-MaSNL |
| 005 |
20260302003427.0 |
| 008 |
240125s1988 xo f np 000 0 slo |
| 020 |
|
|
|q (brožované)
|
| 040 |
|
|
|a SNK
|b slo
|c SNK
|e rda
|
| 041 |
0 |
|
|a slo
|h slo
|
| 044 |
|
|
|a xo
|c SK
|
| 080 |
|
|
|a 621.31(076)(075.8)
|2 1981
|
| 100 |
1 |
|
|a Kakuškinová, Gabriela
|4 aut
|9 642108
|
| 245 |
1 |
0 |
|a Elektroenergetika 2
|b návody na cvičenia
|c Gabriela Kakuškinová, Michal Kolcun
|
| 250 |
|
|
|a 1. vydanie
|
| 260 |
|
|
|a Košice
|b Rektorát Vysokej školy technickej v Košiciach
|c 1988
|
| 300 |
|
|
|a 148 strán
|c 29 cm
|
| 336 |
|
|
|a text
|b txt
|2 rdacontent
|
| 337 |
|
|
|a bez média
|b n
|2 rdamedia
|
| 338 |
|
|
|a zväzok
|b nc
|2 rdacarrier
|
| 366 |
|
|
|e 150 kusov
|
| 650 |
0 |
7 |
|a elektroenergetika
|2 SNKPH
|9 15219
|
| 655 |
|
7 |
|a učebné texty
|2 SNKPH
|9 70568
|
| 655 |
|
7 |
|a praktické cvičenia
|2 SNKPH
|9 70517
|
| 655 |
|
7 |
|a učebnice vysokých škôl
|2 SNKPH
|9 70191
|
| 700 |
1 |
|
|a Kolcun, Michal,
|d 1954-
|4 aut
|9 99288
|
| 710 |
2 |
|
|a Vysoká škola technická v Košiciach.
|b Elektrotechnická fakulta
|4 pbl
|
| 852 |
|
|
|a Slovenská národná knižnica
|
| 999 |
|
|
|c 992003
|d 993933
|
| 952 |
|
|
|a SNK
|b SNK
|y NEVYP
|7 1
|p 17A1536899
|o snkSB 101700
|i snk2025/6636
|8 7
|0 0
|1 0
|4 0
|d 2025-04-16
|l 0
|r 2026-02-24 11:52:43
|w 2026-02-24
|